Arabská reakcia na vojenskú porážku v júni 1967

Závažné zmeny v medzinárodných vzťahoch arabského sveta po roku 1967. Medziarabská politika a rovnováha síl. Koniec starej a nová éra v arabskej vnútornej i zahraničnej politike.

Gespeichert in:
Bibliographische Detailangaben
1. Verfasser: Sorby, Karol R.
Format: Buchkapitel
Sprache:Slowakisch
Schlagworte:
Tags: Tag hinzufügen
Keine Tags, Fügen Sie das erste Tag hinzu!

MARC

LEADER 00000naa a2200000 4500
001 0137224
005 20240502072533.4
041 0 |a slo 
044 |a SK 
245 1 0 |a Arabská reakcia na vojenskú porážku v júni 1967  |c Karol R. Sorby 
520 |a Závažné zmeny v medzinárodných vzťahoch arabského sveta po roku 1967. Medziarabská politika a rovnováha síl. Koniec starej a nová éra v arabskej vnútornej i zahraničnej politike. 
610 2 0 |a Arabi 
610 2 0 |a Egypt 
610 2 0 |a Saudská Arábia 
610 2 0 |a Izrael 
610 2 0 |a konflikty medzinárodné 
610 2 0 |a politika svetová 
610 2 0 |a politika zahraničná 
610 2 0 |a vzťahy politické medzinárodné 
610 2 0 |a politika bezpečnostná 
100 1 |a Sorby, Karol R.